Eneida
Saved in:
| Main Authors: | , |
|---|---|
| Format: | Book |
| Language: | Spanish |
| Published: |
Ciudad de México
Porrúa
1977
|
| Edition: | 5a. ed |
| Series: | Sepan Cuántos, 147
|
| Subjects: | |
| Tags: |
Add Tag
No Tags, Be the first to tag this record!
|
MARC
| LEADER | 00000nam a2200000 a 4500 | ||
|---|---|---|---|
| 001 | UCH8411 | ||
| 003 | CL-VaPUC | ||
| 008 | 091127e19770000MX |||||||||||||||||spa|d | ||
| 082 | 0 | 4 | |a 873 |b VIR |2 21 |
| 100 | 0 | |a Virgilio |e author |9 266332 | |
| 700 | 0 | |a Virgilio Marón, Publio |e author |9 266333 | |
| 245 | 1 | 0 | |a Eneida |
| 246 | 1 | 0 | |a Geórgicas |
| 246 | 1 | 0 | |a Bucólicas |
| 250 | |a 5a. ed | ||
| 300 | |a 299 p | ||
| 942 | |c BK | ||
| 945 | |d 20091127 00:00:00 | ||
| 260 | |a Ciudad de México |b Porrúa |c 1977 | ||
| 600 | 0 | 7 | |a VIRGILIO MARON, PUBLIO |2 CL-VaPUC |9 266333 |
| 650 | 0 | |a Poesías épicas latinas |9 265355 | |
| 650 | 7 | |a POESIAS LATINAS |2 CL-VaPUC |9 545011 | |
| 583 | |a last modification |c 20121218 08:02:51 |k Rodrigo Vera | ||
| 490 | 0 | |a Sepan Cuántos, 147 | |
| 999 | |c 338625 |d 338623 | ||